| 000 | 00516nam a2200181 a 4500 | ||
|---|---|---|---|
| 001 | 1204 | ||
| 003 | CDMR | ||
| 005 | 20151016134202.0 | ||
| 008 | 130130s1993||||||||||||||||||||||||||||d | ||
| 040 |
_aCDMR _bcat _cCDMR |
||
| 110 | 2 |
_9946 _aPeriódico de Catalunya |
|
| 245 | 1 | 0 |
_aEstatut de Redacció d'El Periódico de Catalunya _cEl Periódico |
| 260 |
_a[Barcelona] _c1993 _bEl Periódico |
||
| 300 |
_a24 p ; _c21 cm |
||
| 500 | _aText en català i castellà | ||
| 630 | 0 | 4 | _aEstatuts de redacció |
| 942 |
_cFULLET _2udc |
||
| 999 |
_c1204 _d1204 |
||